000 nam a22 4500
999 _c15237
_d15235
001 41531
003 00
005 20210615094231.0
007 00
008 00
020 _a0 521 58404-3
040 _c00
082 _a338.5442/FRA
245 _aThe Series Models for business and
_beconomic forecasting
_cFranses, Philip Hans.
260 _aUnited Kingdom
_bPress Syndicate of the University of Cambridge
_c1998
300 _a23.5 cm
942 _2ddc
_cCIRC
_h338.5442/FRA
_i41531